[Event "ODJM A 2015"]
[Site "Willingen GER"]
[Date "2015.05.26"]
[Round "5"]
[White "Döpper, Anna Bérénice"]
[Black "Hesse, Henrik"]
[Result "1/2-1/2"]
[Termination "normal"]
[Board "23"]
[WhiteElo "1600"]
[BlackElo "1816"]
[PlyCount "100"]
[WhiteFideId "1271853"]
[BlackFideId "12952060"]
[EventCountry "GER"]
[EventRounds "9"]
[EventType "swiss"]
[EventDate "2015.05.23"]

1. e4 e5 2. d4 exd4 3. Nf3 Nf6 4. e5 Ne4 5. Qxd4 d5 6. exd6 Nxd6 7. Nc3 Nc6 8.
Qd1 Be7 9. Be2 Be6 10. O-O O-O 11. Nd4 Nxd4 12. Qxd4 Bf6 13. Qb4 a5 14. Qc5 Nf5
15. Be3 Nxe3 16. Qxe3 Qd4 17. Qf3 Qb4 18. Rab1 Rad8 19. a3 Qb6 20. Bd3 c6 21.
Ne4 Be7 22. Qh5 g6 23. Qh6 Qd4 24. Qc1 c5 25. Nd2 Bg5 26. Nf3 Bxc1 27. Nxd4
Rxd4 28. Rbxc1 Bc4 29. Bxc4 Rxc4 30. Rfe1 Rd4 31. Re2 Rfd8 32. g3 Kg7 33. Rce1
Kf6 34. Kg2 b5 35. Re5 R4d5 36. Rxd5 Rxd5 37. Re2 b4 38. axb4 cxb4 39. b3 Rc5
40. Rd2 Ke6 41. Kf3 Rd5 42. Re2+ Kd6 43. Kg2 Rc5 44. f4 Kc6 45. Kf3 Kb5 46. Ke3
a4 47. bxa4+ Kxa4 48. Kd2 Rc7 49. Kc1 Kb5 50. Kb2 Kc5 1/2-1/2

[Event "ODJM A 2015"]
[Site "Willingen GER"]
[Date "2015.05.26"]
[Round "5"]
[White "Torzinski, Nils"]
[Black "Reck, Jessica"]
[Result "1-0"]
[Termination "normal"]
[Board "24"]
[WhiteElo "1859"]
[BlackElo "1620"]
[PlyCount "39"]
[WhiteFideId "24695840"]
[BlackFideId "12917931"]
[EventCountry "GER"]
[EventRounds "9"]
[EventType "swiss"]
[EventDate "2015.05.23"]

1. e4 g6 2. f4 Bg7 3. Nf3 c6 4. Nc3 d5 5. e5 f6 6. d4 Nh6 7. Bd3 Bg4 8. O-O Nf7
9. exf6 Bxf6 10. Ne2 Na6 11. c3 O-O 12. Qc2 Bxf3 13. Rxf3 e6 14. Bxg6 Kg7 15.
Bxh7 Rh8 16. Qg6+ Kf8 17. Ng3 Nc7 18. Nh5 Ne8 19. f5 Ng5 20. Bxg5 1-0

[Event "ODJM A 2015"]
[Site "Willingen GER"]
[Date "2015.05.26"]
[Round "5"]
[White "Steffens, Oliver"]
[Black "Tiedemann, Fin Niklas"]
[Result "0-1"]
[Termination "normal"]
[Board "25"]
[WhiteElo "1665"]
[BlackElo "1774"]
[PlyCount "88"]
[WhiteFideId "12947148"]
[BlackFideId "12936936"]
[EventCountry "GER"]
[EventRounds "9"]
[EventType "swiss"]
[EventDate "2015.05.23"]

1. e4 e5 2. Nf3 Nc6 3. Bb5 a6 4. Bxc6 dxc6 5. O-O Bd6 6. d4 Bg4 7. dxe5 Bxf3 8.
Qxf3 Bxe5 9. Nc3 Qe7 10. Bf4 Bxf4 11. Qxf4 Nf6 12. Rfe1 O-O-O 13. Rad1 Qe6 14.
Qe3 Kb8 15. Rd4 h6 16. Red1 Rde8 17. h3 c5 18. R4d2 b6 19. e5 Nh7 20. f4 f6 21.
Qd3 Kb7 22. Qd5+ Qxd5 23. Rxd5 fxe5 24. fxe5 Ng5 25. Rd7 Rhg8 26. Nd5 Ne6 27.
g3 Rgf8 28. Re7 Rxe7 29. Nxe7 Nd4 30. c3 Nf3+ 31. Kg2 Nxe5 32. Rd5 Nc4 33. Rd3
Rf7 34. Ng6 Nxb2 35. Re3 Nc4 36. Re7 Rxe7 37. Nxe7 Ne3+ 38. Kf3 Nd1 39. Nf5
Nxc3 40. Nxg7 Nxa2 41. Nf5 c4 42. Ke3 b5 43. Nxh6 b4 44. Kd2 b3 0-1

[Event "ODJM A 2015"]
[Site "Willingen GER"]
[Date "2015.05.26"]
[Round "5"]
[White "Pysarenko, Kyrill"]
[Black "Faulhaber, Tobias"]
[Result "1/2-1/2"]
[Termination "normal"]
[Board "26"]
[WhiteElo "1482"]
[BlackElo "1917"]
[PlyCount "42"]
[WhiteFideId "12974250"]
[BlackFideId "1271914"]
[EventCountry "GER"]
[EventRounds "9"]
[EventType "swiss"]
[EventDate "2015.05.23"]

1. e4 e6 2. d4 d5 3. Nd2 h6 4. Bd3 Nc6 5. Ne2 Nb4 6. Bb5+ Bd7 7. Bxd7+ Qxd7 8.
O-O dxe4 9. Nxe4 Nf6 10. N2g3 Be7 11. c3 Na6 12. Bd2 O-O 13. Nxf6+ Bxf6 14. Nh5
Qe7 15. Nxf6+ Qxf6 16. Qe2 Rad8 17. Rad1 Rd7 18. Rfe1 Rfd8 19. Bc1 c6 20. Rd2
Nc7 21. Red1 Nd5 1/2-1/2

[Event "ODJM A 2015"]
[Site "Willingen GER"]
[Date "2015.05.26"]
[Round "5"]
[White "Becker, Robin"]
[Black "Bosse, Lea"]
[Result "1-0"]
[Termination "normal"]
[Board "27"]
[WhiteElo "1958"]
[BlackElo "1641"]
[PlyCount "58"]
[WhiteFideId "12955698"]
[BlackFideId "12900419"]
[EventCountry "GER"]
[EventRounds "9"]
[EventType "swiss"]
[EventDate "2015.05.23"]

1. e4 e6 2. Nf3 d5 3. e5 c5 4. b4 cxb4 5. d4 Nc6 6. a3 Bd7 7. axb4 Bxb4+ 8. c3
Ba5 9. Bd3 Nge7 10. O-O Nf5 11. Ba3 Qc8 12. g4 Nh6 13. Ng5 Bd8 14. Nxh7 Na5 15.
f4 Nc4 16. Bxc4 dxc4 17. Ng5 Be7 18. Bxe7 Kxe7 19. Qe2 Bc6 20. Nd2 Bd5 21. Nge4
Qc6 22. Nd6 b5 23. f5 f6 24. fxe6 Bxe6 25. Rae1 Qd5 26. Nf5+ Kf7 27. Ne4 Ng8
28. Ned6+ Kf8 29. exf6 Bxf5 1-0

[Event "ODJM A 2015"]
[Site "Willingen GER"]
[Date "2015.05.26"]
[Round "5"]
[White "Lai Hop, Long"]
[Black "Neumann, Tiemon"]
[Result "1-0"]
[Termination "normal"]
[Board "28"]
[WhiteElo "1885"]
[BlackElo "1664"]
[PlyCount "87"]
[WhiteFideId "12942707"]
[BlackFideId "12925462"]
[EventCountry "GER"]
[EventRounds "9"]
[EventType "swiss"]
[EventDate "2015.05.23"]

1. d4 Nf6 2. Nf3 g6 3. c4 Bg7 4. Nc3 d5 5. Bf4 c6 6. e3 O-O 7. Bd3 Qa5 8. O-O
Be6 9. c5 Nbd7 10. a3 b5 11. b4 Qd8 12. h3 h5 13. Qc2 a6 14. Ng5 Bf5 15. Bxf5
gxf5 16. Qxf5 e6 17. Qc2 Re8 18. Nf3 Qc8 19. Ra2 Qb7 20. Rfa1 Ra7 21. Qd3 Rea8
22. Qc2 Re8 23. Bd6 Bf8 24. Bh2 Bg7 25. Qe2 Rea8 26. Ne5 a5 27. Nxc6 Qxc6 28.
Nxb5 Rb7 29. Nd6 Ne4 30. b5 Rxb5 31. Qxb5 Qxb5 32. Nxb5 Rc8 33. Rc1 Nb6 34.
Rac2 Nc4 35. f3 Ned2 36. Nd6 Nxd6 37. Bxd6 Nc4 38. Rxc4 dxc4 39. Rxc4 Rc6 40.
Rc1 Bf8 41. Bxf8 Kxf8 42. Rb1 h4 43. Kf2 Ke7 44. Rb7+ 1-0

[Event "ODJM A 2015"]
[Site "Willingen GER"]
[Date "2015.05.26"]
[Round "5"]
[White "Kappelmann, Florian"]
[Black "Reitz, Philipp"]
[Result "1/2-1/2"]
[Termination "normal"]
[Board "29"]
[WhiteElo "1701"]
[BlackElo "1797"]
[PlyCount "41"]
[WhiteFideId "12973165"]
[BlackFideId "12973297"]
[EventCountry "GER"]
[EventRounds "9"]
[EventType "swiss"]
[EventDate "2015.05.23"]

1. d4 Nf6 2. Bf4 c5 3. Nf3 d5 4. e3 e6 5. c3 Nc6 6. Bd3 Be7 7. Nbd2 Nh5 8. Bg3
Nxg3 9. hxg3 h6 10. Qc2 Bd7 11. a3 Rc8 12. Rc1 cxd4 13. exd4 Bf6 14. Qd1 Qb6
15. Rb1 Na5 16. Qe2 Kd8 17. Ne5 Rf8 18. Ndf3 Nb3 19. Nd2 Ba4 20. f4 Rc7 21. g4
1/2-1/2

[Event "ODJM A 2015"]
[Site "Willingen GER"]
[Date "2015.05.26"]
[Round "5"]
[White "Longo, Claudio"]
[Black "Zesewitz, Maik"]
[Result "1/2-1/2"]
[Termination "normal"]
[Board "30"]
[WhiteElo "2013"]
[BlackElo "1604"]
[PlyCount "62"]
[WhiteFideId "12994766"]
[BlackFideId "12905640"]
[EventCountry "GER"]
[EventRounds "9"]
[EventType "swiss"]
[EventDate "2015.05.23"]

1. d4 c5 2. d5 d6 3. e4 e5 4. Nc3 Nf6 5. f4 exf4 6. Bxf4 Bg4 7. Be2 Bxe2 8.
Qxe2 Nbd7 9. Nf3 Ng4 10. O-O f6 11. Bg3 Nge5 12. Nxe5 Nxe5 13. Qh5+ g6 14. Qe2
Bg7 15. Bxe5 fxe5 16. Rf2 a6 17. Raf1 Rf8 18. Rxf8+ Bxf8 19. Qg4 Qe7 20. a4 Rd8
21. a5 Rd7 22. Na4 Bg7 23. Nb6 Rc7 24. c4 Kd8 25. h4 Bh6 26. g3 Bd2 27. Qe6
Qxe6 28. dxe6 Re7 29. Rf8+ Re8 30. Rf7 Rxe6 31. Rxb7 Re7 1/2-1/2

[Event "ODJM A 2015"]
[Site "Willingen GER"]
[Date "2015.05.26"]
[Round "5"]
[White "Baumann, Eva"]
[Black "Wieber, Dominik"]
[Result "1/2-1/2"]
[Termination "normal"]
[Board "31"]
[WhiteElo "1539"]
[BlackElo "1851"]
[PlyCount "46"]
[WhiteFideId "12998788"]
[BlackFideId "24699012"]
[EventCountry "GER"]
[EventRounds "9"]
[EventType "swiss"]
[EventDate "2015.05.23"]

1. e4 e5 2. Nf3 Nc6 3. Bc4 Bc5 4. c3 Nf6 5. d3 h6 6. b4 Bb6 7. b5 Na5 8. Nxe5
Nxc4 9. Nxc4 d5 10. Nxb6 axb6 11. O-O dxe4 12. dxe4 Qxd1 13. Rxd1 Be6 14. f3
Rxa2 15. Rxa2 Bxa2 16. Bf4 c6 17. Na3 O-O 18. Bc7 Ra8 19. Nc2 Bb3 20. Rc1 Nd7
21. Nd4 Rc8 22. bxc6 bxc6 23. Bxb6 Bc4 1/2-1/2

[Event "ODJM A 2015"]
[Site "Willingen GER"]
[Date "2015.05.26"]
[Round "5"]
[White "Engel, Robert"]
[Black "Gröning, Finn Jonathan"]
[Result "1-0"]
[Termination "normal"]
[Board "32"]
[WhiteElo "1718"]
[BlackElo "1824"]
[PlyCount "39"]
[WhiteFideId "12974684"]
[BlackFideId "1271634"]
[EventCountry "GER"]
[EventRounds "9"]
[EventType "swiss"]
[EventDate "2015.05.23"]

1. e4 c6 2. Nc3 d5 3. Qe2 e6 4. g3 b6 5. Bg2 Ba6 6. d3 Bb4 7. Bd2 Ne7 8. a3
Bxc3 9. Bxc3 d4 10. Bd2 e5 11. f4 f6 12. Nf3 Qc7 13. O-O Nd7 14. Kh1 O-O-O 15.
fxe5 Nxe5 16. Nxe5 fxe5 17. Qg4+ Kb8 18. Qxg7 Rhg8 19. Qf7 Rd7 20. Bh3 1-0

[Event "ODJM A 2015"]
[Site "Willingen GER"]
[Date "2015.05.26"]
[Round "5"]
[White "Schimnatkowski, Lukas"]
[Black "Tham, Minh"]
[Result "0-1"]
[Termination "normal"]
[Board "33"]
[WhiteElo "1851"]
[BlackElo "1600"]
[PlyCount "24"]
[WhiteFideId "12936723"]
[BlackFideId "12997323"]
[EventCountry "GER"]
[EventRounds "9"]
[EventType "swiss"]
[EventDate "2015.05.23"]

1. e4 e5 2. d4 exd4 3. Nf3 Nc6 4. Bc4 Nf6 5. e5 d5 6. Bb5 Ne4 7. Nxd4 Bc5 8.
O-O O-O 9. Nxc6 bxc6 10. Bxc6 Ba6 11. Qxd5 Bxf1 12. Bxa8 Bc4 0-1

[Event "ODJM A 2015"]
[Site "Willingen GER"]
[Date "2015.05.26"]
[Round "5"]
[White "Sinnhöfer, Jonas"]
[Black "Hartmann, Jakob"]
[Result "0-1"]
[Termination "normal"]
[Board "34"]
[WhiteElo "1671"]
[BlackElo "1914"]
[PlyCount "94"]
[WhiteFideId "12982938"]
[BlackFideId "12918067"]
[EventCountry "GER"]
[EventRounds "9"]
[EventType "swiss"]
[EventDate "2015.05.23"]

1. e4 c5 2. Nf3 Nc6 3. d4 cxd4 4. Nxd4 Nf6 5. Nc3 e5 6. Ndb5 d6 7. Bg5 a6 8.
Na3 b5 9. Nd5 Be7 10. Bxf6 Bxf6 11. c4 b4 12. Nc2 a5 13. Be2 O-O 14. O-O Be7
15. Qd3 Be6 16. Rfd1 Bxd5 17. cxd5 Nb8 18. Qb3 Nd7 19. Ne3 Nc5 20. Qc2 Bg5 21.
Nc4 a4 22. Bf3 Qc7 23. b3 Ra7 24. Nb2 Rfa8 25. Nxa4 Nxa4 26. Qxc7 Rxc7 27. bxa4
Rxa4 28. Rdb1 Bd2 29. g3 Rca7 30. Rb2 Bc3 31. Rc2 Kf8 32. Rac1 Rxa2 33. Rxc3
bxc3 34. Rxc3 Ke7 35. Rc6 Rb2 36. Rc1 Raa2 37. Rf1 g6 38. g4 Kf6 39. h4 h6 40.
Kg2 Rc2 41. g5+ hxg5 42. h5 g4 43. Bxg4 Kg5 44. Bd1 Rd2 45. hxg6 fxg6 46. Kg3
Ra1 47. Be2 Ra3+ 0-1

[Event "ODJM A 2015"]
[Site "Willingen GER"]
[Date "2015.05.26"]
[Round "5"]
[White "Ehmann, Johanna"]
[Black "Jacob, Karl"]
[Result "1/2-1/2"]
[Termination "normal"]
[Board "35"]
[WhiteElo "1671"]
[BlackElo "1826"]
[PlyCount "118"]
[WhiteFideId "12953130"]
[BlackFideId "24696684"]
[EventCountry "GER"]
[EventRounds "9"]
[EventType "swiss"]
[EventDate "2015.05.23"]

1. e4 Nf6 2. e5 Nd5 3. Nc3 Nb6 4. Nf3 d6 5. exd6 exd6 6. d4 d5 7. Bf4 Bd6 8.
Qd2 Be6 9. Bxd6 Qxd6 10. O-O-O h6 11. Nb5 Qe7 12. Qf4 Kd8 13. Bd3 a6 14. Nc3
N8d7 15. Rhe1 Qf6 16. Qg3 a5 17. Ne5 Qg5+ 18. Qxg5+ hxg5 19. Nxd7 Kxd7 20. h3
c6 21. Ne2 Nc8 22. Ng3 Nd6 23. Re2 Rae8 24. Rde1 g4 25. hxg4 Bxg4 26. Rxe8 Rxe8
27. Rxe8 Kxe8 28. Kd2 Ke7 29. Ke3 g5 30. f4 Kf6 31. c3 Nc8 32. Be2 Bxe2 33.
Nxe2 Nd6 34. fxg5+ Kxg5 35. b3 Kg4 36. Kd3 Ne4 37. c4 f5 38. Ke3 Nf6 39. a3 Nh5
40. cxd5 cxd5 41. Nc3 Nf4 42. Kf2 Ne6 43. Nxd5 Nxd4 44. b4 Nc6 45. bxa5 Nxa5
46. g3 Nc4 47. a4 Nd6 48. Ne3+ Kg5 49. Kf3 Ne4 50. Nc4 Nc5 51. Nd6 b6 52. Nc4
Nxa4 53. Ne3 Nc3 54. g4 f4 55. Ng2 Nd5 56. Ke4 Kxg4 57. Kxd5 f3 58. Ne3+ Kg3
59. Nf1+ Kf2 1/2-1/2

[Event "ODJM A 2015"]
[Site "Willingen GER"]
[Date "2015.05.26"]
[Round "5"]
[White "Udaykumar, Arunn Mark"]
[Black "Wissing, Philipp"]
[Result "1-0"]
[Termination "normal"]
[Board "36"]
[WhiteElo "1824"]
[BlackElo "1558"]
[PlyCount "107"]
[WhiteFideId "12965456"]
[BlackFideId "12993654"]
[EventCountry "GER"]
[EventRounds "9"]
[EventType "swiss"]
[EventDate "2015.05.23"]

1. e4 e6 2. d4 d5 3. Nc3 Nf6 4. e5 Nfd7 5. Nce2 c5 6. c3 Nc6 7. f4 Qb6 8. Nf3
cxd4 9. cxd4 f6 10. a3 Be7 11. Neg1 O-O 12. Bd3 f5 13. Bc2 Rf7 14. h4 Nf8 15.
h5 h6 16. Nh3 Nh7 17. Nf2 Bd7 18. Rg1 Qa5+ 19. Bd2 Qb6 20. Bc3 Qd8 21. Rh1 Rc8
22. Qd3 a6 23. g4 b5 24. Bd2 Na5 25. Nh3 Bh4+ 26. Kd1 Rxc2 27. Qxc2 fxg4 28.
Nxh4 Qxh4 29. Be1 Nc4 30. Bxh4 Ne3+ 31. Kd2 Nxc2 32. Kxc2 gxh3 33. Bg3 Rf5 34.
Rxh3 Be8 35. Rah1 Nf8 36. Kb3 a5 37. Rh4 Nd7 38. Be1 a4+ 39. Kc3 Nb6 40. Kd3
Nc4 41. Bc3 Rf7 42. Ke2 Rc7 43. Rc1 Rc6 44. Kf3 Kh7 45. Rh3 Kg8 46. Kg4 Bd7 47.
Rg3 Be8 48. Rcg1 Rc7 49. R1g2 Kh7 50. Bb4 Kg8 51. f5 exf5+ 52. Kxf5 Bxh5 53. e6
Rc6 54. Rxg7+ 1-0

[Event "ODJM A 2015"]
[Site "Willingen GER"]
[Date "2015.05.26"]
[Round "5"]
[White "Lohrmann, Tabea"]
[Black "Brunner, Tobias"]
[Result "1-0"]
[Termination "normal"]
[Board "37"]
[WhiteElo "1493"]
[BlackElo "1717"]
[PlyCount "109"]
[WhiteFideId "12911941"]
[BlackFideId "12949833"]
[EventCountry "GER"]
[EventRounds "9"]
[EventType "swiss"]
[EventDate "2015.05.23"]

1. e4 d5 2. exd5 Qxd5 3. Nc3 Qa5 4. d4 c6 5. Bc4 Nf6 6. Bd2 Qc7 7. Qe2 Bf5 8.
O-O-O e6 9. f3 Be7 10. Kb1 Nbd7 11. g4 Bg6 12. h4 h6 13. Nh3 Nd5 14. Bxd5 cxd5
15. Nf2 a5 16. Nd3 a4 17. a3 Nb6 18. Nb5 Qc6 19. Nb4 Bxb4 20. Bxb4 Nc4 21. Nc3
Rc8 22. Rhe1 Nd6 23. Qh2 Nb5 24. Qe5 Nxc3+ 25. Bxc3 O-O 26. h5 Bh7 27. Rd2 Qc7
28. Qe3 Qe7 29. Rg2 Kh8 30. Bb4 Qc7 31. Bxf8 Rxf8 32. g5 hxg5 33. Qxg5 f6 34.
Qg4 Bf5 35. Qh4 Rg8 36. Qh2 Qe7 37. Qf4 Qf8 38. Rh1 b5 39. Qc7 b4 40. axb4 Qxb4
41. Qc5 Qb7 42. Kc1 Rc8 43. Qa3 Qa7 44. Rd1 Qd7 45. c3 Rb8 46. Kd2 Rb3 47. Qf8+
Kh7 48. Ke3 e5 49. h6 exd4+ 50. Rxd4 Qe6+ 51. Re4 d4+ 52. Kxd4 Qb6+ 53. Kd3
Bxe4+ 54. fxe4 Qb5+ 55. Ke3 1-0

[Event "ODJM A 2015"]
[Site "Willingen GER"]
[Date "2015.05.26"]
[Round "5"]
[White "Hundrieser, Malte"]
[Black "Schulz, Theresa Charlotte"]
[Result "1-0"]
[Termination "normal"]
[Board "38"]
[WhiteElo "1659"]
[BlackElo "1611"]
[PlyCount "105"]
[WhiteFideId "12997153"]
[BlackFideId "12952206"]
[EventCountry "GER"]
[EventRounds "9"]
[EventType "swiss"]
[EventDate "2015.05.23"]

1. e4 c5 2. Nf3 Nc6 3. d4 cxd4 4. Nxd4 g6 5. Nc3 Bg7 6. Be3 Nf6 7. Bc4 Qa5 8.
O-O O-O 9. Nb3 Qd8 10. Be2 d6 11. f4 Bd7 12. Bf3 a6 13. Nd5 Nxd5 14. exd5 Na5
15. Nxa5 Qxa5 16. c3 b5 17. a3 Qc7 18. Re1 a5 19. Bd4 Rfe8 20. Bxg7 Kxg7 21.
Qd4+ Kg8 22. Kh1 Rac8 23. Re2 e6 24. Rd1 exd5 25. Qxd5 Rxe2 26. Bxe2 Bc6 27.
Qxd6 Qxd6 28. Rxd6 Re8 29. Bf1 Re1 30. Kg1 Be4 31. Rd8+ Kg7 32. Re8 f5 33. Kf2
Rb1 34. b4 axb4 35. axb4 Rb3 36. Rc8 Kf6 37. g3 Rb2+ 38. Be2 Bd3 39. Re8 Bxe2
40. Rxe2 Rb3 41. Rc2 Ke6 42. Ke3 Kd5 43. Kd3 Ra3 44. Re2 Ra7 45. Re5+ Kc6 46.
Re6+ Kc7 47. Re7+ Kb6 48. Rxa7 Kxa7 49. Kd4 Kb6 50. Kd5 Kb7 51. Kc5 Ka6 52. Kc6
h6 53. h4 1-0

[Event "ODJM A 2015"]
[Site "Willingen GER"]
[Date "2015.05.26"]
[Round "5"]
[White "Leddin, Mathias"]
[Black "Sauer, Annika"]
[Result "1/2-1/2"]
[Termination "normal"]
[Board "39"]
[WhiteElo "1649"]
[BlackElo "1646"]
[PlyCount "45"]
[WhiteFideId "4654684"]
[BlackFideId "12952052"]
[EventCountry "GER"]
[EventRounds "9"]
[EventType "swiss"]
[EventDate "2015.05.23"]

1. e4 d5 2. exd5 Qxd5 3. Nc3 Qa5 4. d4 Nf6 5. Bd2 c6 6. Bd3 Qc7 7. h3 e6 8. Nf3
Bd6 9. O-O O-O 10. Ne4 Nbd7 11. c3 Nxe4 12. Bxe4 Nf6 13. Bd3 b6 14. Ng5 h6 15.
Ne4 Nxe4 16. Bxe4 f5 17. Bd3 Qf7 18. Bc4 Qg6 19. f4 Bd7 20. Qb3 Rf6 21. Rae1 b5
22. Bd3 Qf7 23. Re2 1/2-1/2

[Event "ODJM A 2015"]
[Site "Willingen GER"]
[Date "2015.05.26"]
[Round "5"]
[White "Meyer, Nico"]
[Black "Kornitzky, Tino"]
[Result "1-0"]
[Termination "normal"]
[Board "40"]
[WhiteElo "1447"]
[BlackElo "1622"]
[PlyCount "89"]
[WhiteFideId "12975257"]
[BlackFideId "12970379"]
[EventCountry "GER"]
[EventRounds "9"]
[EventType "swiss"]
[EventDate "2015.05.23"]

1. e4 c5 2. Nf3 d6 3. Bb5+ Bd7 4. Bxd7+ Qxd7 5. d3 Nc6 6. O-O g6 7. c4 Bg7 8.
Nc3 e6 9. Bf4 Nge7 10. Qd2 f5 11. Bh6 Bxh6 12. Qxh6 O-O-O 13. Ng5 Ng8 14. Qh3
h6 15. Nf3 g5 16. Nxg5 Nf6 17. Nf3 fxe4 18. Nxe4 Nxe4 19. dxe4 Rdg8 20. Rad1 e5
21. Qxd7+ Kxd7 22. h3 Rh7 23. Rd3 Rf7 24. g3 Rgf8 25. Kg2 Kc7 26. Nh4 Nd4 27.
g4 Ne2 28. Rd2 Nf4+ 29. Kg3 h5 30. Nf5 Rf6 31. g5 Rg6 32. h4 Rd8 33. a3 Ne6 34.
Rfd1 Nd4 35. Nxd4 cxd4 36. Rf1 Rf8 37. f4 Kd7 38. f5 Rg7 39. Rdf2 Rff7 40. Kf3
Kc6 41. Ke2 b6 42. Rg1 Kd7 43. g6 Rf8 44. f6 Rgg8 45. f7 1-0

[Event "ODJM A 2015"]
[Site "Willingen GER"]
[Date "2015.05.26"]
[Round "5"]
[White "Stockter, Jasper Enno"]
[Black "Leimbach, Tim Vincent"]
[Result "1/2-1/2"]
[Termination "normal"]
[Board "41"]
[WhiteElo "1484"]
[BlackElo "1699"]
[PlyCount "43"]
[WhiteFideId "12957291"]
[BlackFideId "12988600"]
[EventCountry "GER"]
[EventRounds "9"]
[EventType "swiss"]
[EventDate "2015.05.23"]

1. e4 c5 2. Nf3 Nc6 3. d4 cxd4 4. Nxd4 Qb6 5. Nb3 Nf6 6. Nc3 e6 7. Be3 Qd8 8.
a3 Be7 9. Be2 O-O 10. O-O d6 11. f4 a6 12. Qd2 Bd7 13. Rad1 Qc7 14. Qe1 Rfe8
15. Qg3 b5 16. Rd2 Rad8 17. Rfd1 Bc8 18. Qf2 Rd7 19. h3 Kh8 20. Bf3 Bb7 21. Bb6
Qc8 22. Be3 1/2-1/2